| 000 | 00497nam a22002057a 4500 | ||
|---|---|---|---|
| 003 | bpm | ||
| 005 | 20260407111853.0 | ||
| 008 | 260407b |||||||| |||| 00| p spa d | ||
| 020 | _a9789874409959 | ||
| 024 | _aS. C. C. / M. C. y E. M.: | ||
| 040 | _aAR-CtUCP | ||
| 041 | _aspa | ||
| 080 | _aCDU | ||
| 100 | _aCeballos Estefanía | ||
| 245 | _aEl hueso de la noche | ||
| 260 |
_aBuenos Aires _bEl suri porfiado _c2021 |
||
| 650 | _aLiteratura - Poesía | ||
| 942 | _cLIB | ||
| 999 |
_c76617 _d76617 |
||